Govt. of
Madhya Pradesh

Eminent Indian Women (Record no. 14490)

MARC details
000 -LEADER
fixed length control field 005370000a22001930004500
001 - CONTROL NUMBER
control field 002581
003 - CONTROL NUMBER IDENTIFIER
control field MACL
005 - DATE AND TIME OF LATEST TRANSACTION
control field 20150708132537.0
008 - FIXED-LENGTH DATA ELEMENTS--GENERAL INFORMATION
fixed length control field 150708b xxu||||| |||| 00| 0 eng d
040 ## - CATALOGING SOURCE
Original cataloging agency MACL
Transcribing agency MACL
041 ## - LANGUAGE CODE
Language code of text/sound track or separate title English
082 ## - DEWEY DECIMAL CLASSIFICATION NUMBER
Classification number 305.4
100 ## - MAIN ENTRY--PERSONAL NAME
Personal name Mumukshnanda, Swami
9 (RLIN) 1414
245 ## - TITLE STATEMENT
Title Eminent Indian Women
Remainder of title From the Vedic Age to the Present
Statement of responsibility, etc. Swami Mumukshnanda
260 ## - PUBLICATION, DISTRIBUTION, ETC. (IMPRINT)
Place of publication, distribution, etc. Kolkata
Date of publication, distribution, etc. 2005
Name of publisher, distributor, etc. Advaita Ashrama(Publication Department),
350 ## - PRICE (NR) (BK AM CF MU VM SE) [OBSOLETE]
Price 40
650 ## - SUBJECT ADDED ENTRY--TOPICAL TERM
Topical term or geographic name as entry element Social Science
9 (RLIN) 1415
942 ## - ADDED ENTRY ELEMENTS (KOHA)
Call number prefix 305
Koha item type Books
Source of classification or shelving scheme
Holdings
Withdrawn status Lost status Source of classification or shelving scheme Damaged status Not for loan Home library Current library Date acquired Cost, normal purchase price Total Checkouts Full call number Barcode Date last seen Uniform Resource Identifier Price effective from Koha item type
          MACL MACL 15/04/2015 40.00   305.4 CRE018995 02/05/2024 14376 15/04/2015 Books